000 00312nam a2200133Ia 4500
008 231129s1969||||xx |||||||||||||| ||spa||
040 _bspa
082 _aCo864.4 V297L
100 _aVargas Vila José Marí­a
245 0 _aLibre estética
260 _c1969
264 _aMedina Hermanos
942 _2ddc
_cBKS
999 _c19220
_d19220